Pilotes de Formule 1 (2023) - Statistiques

Statistiques générales
  • Ce quiz a été pris 448 fois
  • Le résultat moyen est 18 sur 20
Statistiques - réponses
Écuries Pilote 1 % Correct
Ferrari Charles Leclerc
98%
Mercedes Lewis Hamilton
98%
RedBull Max Verstappen
98%
Alpine Esteban Ocon
97%
Pierre Gasly
97%
Carlos Sainz
96%
Sergio Perez
95%
McLaren Lando Norris
94%
Alpha Tauri Yuki Tsunoda
92%
Aston Martin Fernando Alonso
91%
George Russell
90%
Alfa Romeo Valterri Bottas
89%
Lance Stroll
88%
Oscar Piastri
87%
Haas Kevin Magnussen
86%
Williams Alex Albon
85%
Guanyu Zhou
85%
Nico Hulkenberg
83%
Logan Sargeant
76%
Nick De Vries
72%
Aucun quiz correspondant
Distribution des résultats
% des personnes avec chaque résultat
Percentile par nombre de réponses
Votre historique - résultats
Vous n’avez pas pris ce quiz